000 00448nam a2200181Ia 4500
003 GCL
008 140319s9999 xx 000 0 eng d
040 _aGCL /
_cGCL
082 0 4 _a709.9
_bF A
100 1 _aFOUCHET, MAX-PAL
245 1 0 _aL'ART AMOUREUX DES INDES /
_cFOUCHET, MAX-PAL
260 _a[S.N] :
_bIDEES ARTS ،
_c1957
300 _a188 P
650 0 4 _aARTS
650 0 4 _aART, HANDBOOKS
650 0 4 _aART, HISTORY
942 _2ddc
_cBK
999 _c19563
_d19563